| 000 | 00522nam a2200157 a 4500 | ||
|---|---|---|---|
| 001 | 4259 | ||
| 003 | CDMR | ||
| 005 | 20131024170029.0 | ||
| 008 | 130130s1986||||||||||||||||||||||||||||d | ||
| 040 |
_aCDMR _bcat _cCPC GIRONA |
||
| 245 | 0 | _aConvenció de Berna per a la protecció de les obres literàries i artístiques del 9 de setembre del 1886 | |
| 260 |
_c1986 _bGeneralitat de Catalunya, Departament de Cultura i Departament de Justícia _aBarcelona |
||
| 300 | _a66 p. | ||
| 650 | 0 | 4 |
_93160 _aDrets d'autor |
| 942 |
_cMON _2udc |
||
| 999 |
_c4259 _d4259 |
||